| 000 | 00677nam a2200193 i 4500 | ||
|---|---|---|---|
| 001 | 124309 | ||
| 003 | ES-MaACL | ||
| 005 | 20240229062724.0 | ||
| 007 | t| | ||
| 008 | 070528s1913 fr ||||1| fre d | ||
| 100 | 1 |
_aMarcel, Nicolas. _976363 |
|
| 245 | 1 | 0 |
_aCampagnes du capitaine Marcel du 69e de ligne en Espagne et Portugal (1808-1814) / _cmises en ordre, annotés et publies par Commandant Var. |
| 260 |
_aParis : _bPlon-Nourrit, _c1913. |
||
| 300 |
_aXI, 265 p. ; _c19 cm. |
||
| 651 | 4 |
_aEspaña- _xHistoria- _y1808-1814, Guerra de la Independencia _98244 |
|
| 700 | 1 |
_aVar, Louis Marie Antoine Vincent. _9113108 |
|
| 852 |
_aES-MaACL _jD-2915 |
||
| 999 |
_c124309 _d124309 |
||